The Most Played Green Day Songs A-Z - Statistics

General Stats
  • This quiz has been taken 122 times
  • The average score is 10 of 24
Answer Stats
Hint Answer % Correct
A American Idiot
98%
B Basket Case
92%
H Holiday/Boulevard of Broken Dreams
86%
W Wake Me Up When September Ends
65%
J Jesus of Suburbia
64%
L Longview
62%
G Good Riddance (Time of Your Life)
61%
M Minority
48%
X X-Kid
45%
K Know Your Enemy
44%
O Oh Love
38%
V ¿Viva La Gloria? (Little Girl)
36%
E Extraordinary Girl/Letterbomb
35%
Y Youngblood
35%
R Revolution Radio
31%
N Nice Guys Finish Last
28%
U Uptight
26%
I In the End
21%
F Father of All...
19%
C Coming Clean
18%
S Still Breathing
18%
P Pulling Teeth
11%
D Dirty Rotten Bastards
5%
T Troubled Times
4%
No matching quizzes found
Score Distribution
Percent of People with Each Score
Percentile by Number Answered
Your Score History
You have not taken this quiz